| 000 | 00956nam a22002177a 4500 | ||
|---|---|---|---|
| 003 | AM-YEHGA | ||
| 005 | 20250617164534.0 | ||
| 008 | 220701s2019 ru ||||| |||| 00| 0 rus d | ||
| 020 | _a9785000457399 | ||
| 040 | _aAM-YeHGA | ||
| 041 | 0 | _arus | |
| 100 | 1 | _aБочкарев, Сергей Вадимович | |
| 245 |
_aФранцузский конституционализм второй половины XIX века : _bИдеи и их реализация : Монография / _cС.В. Бочкарев |
||
| 260 |
_aСанкт-Петербург : _bАстерион, _c2019 |
||
| 300 | _a328 с. | ||
| 504 | _aБиблиогр.: с. 285-312 | ||
| 653 | 0 | _aГосударственное (конституционное) право - Франция - Конституции буржуазных государств - История буржуазной конституции | |
| 942 |
_2udc _cBK |
||
| 001 | 1849227 | ||
| 090 | _c563053 | ||
| 999 |
_c525711 _d525711 |
||